Statystyki dla Kluby Francuskiego Ligue 1 oraz Ligue 2

Kliknij tutaj aby rozwiązać quiz!

Ogólne statystyki

  • Ten quiz został rozwiązany 27 razy
  • Średni wynik to 19 z 40

Statystyki odpowiedzi

HintOdpowiedź% Poprawnych
Ligue 2Paris
100%
Ligue 1AS Monaco
93%
Ligue 1Olympique Marsylia
81%
Ligue 1Lyon
78%
Ligue 1Nantes
78%
Ligue 1Paris Saint Germain
78%
Ligue 1Lille
74%
Ligue 1Rennes
70%
Ligue 1Montpellier
67%
Ligue 1Nice
67%
Ligue 1Strasbourg
67%
Ligue 1Saint Etienne
63%
Ligue 1Brest
56%
Ligue 1Lens
56%
Ligue 1Metz
56%
Ligue 1Stade de Reims
52%
Ligue 2Auxerre
48%
Ligue 1Angers
44%
Ligue 1Clermont
44%
Ligue 2Nimes
44%
Ligue 1Troyes
44%
Ligue 2Caen
41%
Ligue 2Le Havre
41%
Ligue 2Ajaccio
37%
Ligue 2Bastia
37%
Ligue 2Toulouse
37%
Ligue 2Amiens
33%
Ligue 2Dijon
33%
Ligue 2Guingamp
33%
Ligue 2Grenoble
30%
Ligue 1Lorient
30%
Ligue 2Sochaux
30%
Ligue 2Valenciennes
30%
Ligue 1Girondins
22%
Ligue 2Niort
19%
Ligue 2Quevilly
19%
Ligue 2Dunkerque
15%
Ligue 2Rodez
15%
Ligue 2Pau FC
11%
Ligue 2Nancy Lorraine
4%

Rozkład punktacji

Percentyl według liczby udzielonych odpowiedzi

Procent ludzi z każdym wynikiem

Twoja historia wyników

Nie rozwiązałeś tego quizu